Canto espiritual (Record no. 97610)

MARC details
000 -LEADER
campo de control de longitud fija 00919nam a2200265 i 4500
001 - NÚMERO DE CONTROL
campo de control 97610
003 - IDENTIFICADOR DE NÚMERO DE CONTROL
campo de control ES-MaACL
005 - FECHA Y HORA DE LA ÚLTIMA TRANSACCIÓN
campo de control 20250522202952.0
007 - CAMPO FIJO DE DESCRIPCIÓN FÍSICA--INFORMACIÓN GENERAL
campo de control de longitud fija t|
008 - DATOS DE LONGITUD FIJA--INFORMACIÓN GENERAL
campo de control de longitud fija 050714s1985 sp ||||1| spa d
020 ## - NÚMERO INTERNACIONAL ESTÁNDAR DEL LIBRO
Número Internacional Estándar del Libro 84-7456-306-2
100 1# - ENTRADA PRINCIPAL--NOMBRE DE PERSONA
Nombre de persona March, Ausiàs,
Fechas asociadas al nombre ca. 1397-1459
9 (RLIN) 149221
245 10 - MENCIÓN DEL TÍTULO
Título Canto espiritual
Resto del título : precedido de tercer canto de muerte /
Mención de responsabilidad, etc. Ausias March; traducción de Juan Ramón Masoliver; edición y prólogo de Josep Miquel Sobré.
250 ## - MENCION DE EDICION
Mención de edición 1ª ed.
260 ## - PUBLICACIÓN, DISTRIBUCIÓN, ETC.
Lugar de publicación, distribución, etc. Barcelona :
Nombre del editor, distribuidor, etc. Edicions del Mall,
Fecha de publicación, distribución, etc. 1985.
300 ## - DESCRIPCIÓN FÍSICA
Extensión 115 p. ;
Dimensiones 22 cm.
490 1# - MENCIÓN DE SERIE
Mención de serie Marca Hispánica
500 ## - NOTA GENERAL
Nota general Texto paralelo en catalan y en castellano.
504 ## - NOTA DE BIBLIOGRAFÍA, ETC.
Nota de bibliografía, etc. Bibliografía.
700 1# - ENTRADA AGREGADA--NOMBRE PERSONAL
Nombre de persona Masoliver, Juan Ramón,
Fechas asociadas al nombre 1910-1997
9 (RLIN) 78748
700 1# - ENTRADA AGREGADA--NOMBRE PERSONAL
Nombre de persona Sobré, Miquel Josep.
9 (RLIN) 106994
830 0# - PUNTO DE ACCESO ADICIONAL DE SERIE-TÍTULO UNIFORME
Título uniforme Marca Hispánica
9 (RLIN) 184427
852 ## - LOCALIZACIÓN
Ubicación ES-MaACL
Número de control de estantería L-11101
Sublocalización o colección R.111506
Holdings
Estatus retirado Estado de pérdida Estado de daño No para préstamo Biblioteca de origen Biblioteca actual Ubicación en estantería Fecha de adquisición Fuente de adquisición Total de préstamos Signatura topográfica completa Código de barras Visto por última vez Precio de reemplazo Tipo de ítem Koha
        Biblioteca del Ateneo de Madrid Biblioteca del Ateneo de Madrid Depósito 2 17/01/2008     L-11101 1101898 23/02/2023 23/02/2023 Libro impreso